Law of partnership: (Record no. 136864)

MARC details
000 -LEADER
fixed length control field 00749nam a22002297a 4500
010 ## - LIBRARY OF CONGRESS CONTROL NUMBER
LC control number A-679899
020 ## - INTERNATIONAL STANDARD BOOK NUMBER
International Standard Book Number 8170124936
Terms of availability 300.00
035 ## - SYSTEM CONTROL NUMBER
System control number A-679899
037 ## - SOURCE OF ACQUISITION
Source of stock number/acquisition Cen Lib / Ret
040 ## - CATALOGING SOURCE
Original cataloging agency DPL
Language of cataloging EN
082 ## - DEWEY DECIMAL CLASSIFICATION NUMBER
Classification number 346.0682
Item number AVT
100 ## - MAIN ENTRY--PERSONAL NAME
Personal name Avtar Singh
245 ## - TITLE STATEMENT
Title Law of partnership:
Remainder of title commentaries on the Partnership act with practice notes and assessment of firms for income tax purposes /
Statement of responsibility, etc by Avtar Singh
250 ## - EDITION STATEMENT
Edition statement 2nd ed
260 ## - PUBLICATION, DISTRIBUTION, ETC. (IMPRINT)
Place of publication, distribution, etc Lucknow
Name of publisher, distributor, etc Eastern Book Co
Date of publication, distribution, etc 1993
270 ## - ADDRESS
Address 1267, Kashmere Gate
City New Delhi
300 ## - PHYSICAL DESCRIPTION
Extent lxxxiii, 775p.
Other physical details 27cm(Hb)
650 ## - SUBJECT ADDED ENTRY--TOPICAL TERM
Topical term or geographic name as entry element Partnership -- India.
650 ## - SUBJECT ADDED ENTRY--TOPICAL TERM
Topical term or geographic name as entry element Partnership -- Taxation -- India.
650 ## - SUBJECT ADDED ENTRY--TOPICAL TERM
Topical term or geographic name as entry element Partnership.
942 ## - ADDED ENTRY ELEMENTS (KOHA)
Source of classification or shelving scheme Dewey Decimal Classification
Koha item type English Books
Classification part 346.0682
Call number suffix AVT
Holdings
Withdrawn status Lost status Source of classification or shelving scheme Damaged status Not for loan Home library Current library Date acquired Source of acquisition Cost, normal purchase price Total Checkouts Full call number Barcode Date last seen Copy number Cost, replacement price Price effective from Koha item type
    Dewey Decimal Classification     Central Library Central Library 11/03/2016 Cen Lib/Ret 300.00   346.0682 AVT A-679899 11/03/2016 1 300.00 11/03/2016 English Books

© Delhi Public Library
Hit Counter
free hit counter